Guía para la planeación de escuelas.

保存先:
書誌詳細
第一著者: Chávez O., Horacio (autor)
フォーマット: 図書
言語:スペイン語
主題:
タグ: タグ追加
タグなし, このレコードへの初めてのタグを付けませんか!

MARC

LEADER 00000cam^a2200000uu^4500
001 000457838
005 20250521000000.0
008 050901s1985^^^^^^^^^^^^rd^r^^000^0^spa^d
009 20260310124054.805
022 |a 968716512X 
035 |a FCE 000000281 
035 |a FCE 000282 
037 |a Acervo ITESO - Biblioteca 
041 |a spa 
082 0 4 |a 371.207  |b CHAg 
100 |a Chávez O., Horacio  |e (autor) 
245 1 0 |a Guía para la planeación de escuelas. 
264 |a México :  |b CEE,  |c 1985. 
300 |a 95 p. 
336 |a texto  |b txt  |2 rdacontenido 
337 |a sin mediación  |b n  |2 rdamedio 
338 |a volumen  |b nc  |2 rdasoporte 
649 |a XX 
650 |a Manual 
650 |a Teoría 
650 |a Educación media 
650 |a Administración escolar 
650 |a Organización escolar 
650 |a Escuela privada 
650 |a Planificación escolar 
910 |a Fondo Centro de Estudios Educativos 
920 |a Impresos - Libros 
930 |a Fondos Especiales 
905 |a 133 
901 |a ALE000282  |b IT2  |c CEE  |u 20250521 
901 |a ALE042370  |b IT2  |c CEE  |u 20250521 
901 |a ALE042371  |b IT2  |c CEE  |u 20250521 
901 |a ALE042372  |b IT2  |c CEE  |u 20250521 
901 |a ALE042373  |b IT2  |c CEE  |u 20250521 
901 |a ALE042374  |b IT2  |c CEE  |u 20250521 
901 |a ALE042375  |b IT2  |c CEE  |u 20250521 
901 |a ALE042376  |b IT2  |c CEE  |u 20250521 
901 |a ALE042377  |b IT2  |c CEE  |u 20250521 
902 |a https://opac.biblio.iteso.mx/vufind/Record/000457838